Statistics for Флаги Азии

Click here to take the quiz!

General Stats

  • This quiz has been taken 1 017 times
  • The average score is 33 of 48

Answer Stats

Answer% Correct
Китай
100%
Южная Корея
91%
Япония
91%
Казахстан
90%
Вьетнам
90%
Израиль
89%
Индия
88%
Узбекистан
83%
Турция
82%
Кипр
80%
Армения
79%
Бангладеш
79%
Грузия
79%
Туркменистан
79%
Азербайджан
76%
Саудовская Аравия
73%
Северная Корея
72%
Пакистан
71%
Непал
71%
Кыргызстан
70%
Индонезия
70%
Иран
69%
Таджикистан
69%
Сингапур
67%
Лаос
67%
Ливан
65%
Сирия
65%
Ирак
65%
Бутан
65%
Монголия
64%
Малайзия
64%
Мьянма
63%
Катар
62%
Шри-Ланка
62%
Филиппины
60%
Объединённые Арабские Эмираты
59%
Камбоджа
59%
Тайвань
57%
Таиланд
56%
Мальдивы
54%
Йемен
52%
Иордания
50%
Афганистан
49%
Бахрейн
48%
Кувейт
47%
Оман
47%
Восточный Тимор
44%
Бруней
42%

Score Distribution

Percentile by Number Answered

Percent of People with Each Score

Your Score History

You have not taken this quiz